[Event "11th IM Int"]
[Site "Sao Jose do Rio Preto BRA"]
[Date "2012.12.20"]
[Round "5.2"]
[White "Blit,J"]
[Black "Barreto Filho,C"]
[Result "1/2-1/2"]
[WhiteElo "2301"]
[BlackElo "2258"]

1.e4 c5 2.Nc3 Nc6 3.Nge2 d6 4.g3 g6 5.Bg2 Bg7 6.O-O Nf6 7.d4 cxd4 8.Nxd4 Bd7
9.h3 O-O 10.Nde2 a6 11.a4 Rb8 12.b3 b5 13.axb5 axb5 14.Bb2 Qb6 15.Qd2 b4
16.Nd5 Nxd5 17.Bxg7 Kxg7 18.exd5 Ne5 19.Kh2 Bb5 20.f4 Nd7 21.Rfe1 Bxe2 22.Rxe2 Rfe8
23.Rae1 Nf6 24.Rxe7 Rxe7 25.Rxe7 Re8 26.Rxe8 Nxe8 27.c3 bxc3 28.Qxc3+ Nf6
29.b4 Qf2 30.b5 h5 31.Kh1 h4 32.g4 Qxf4 33.g5 Qxg5 34.b6 Qe5 35.Qxe5 dxe5
36.d6 Nd7 37.b7 Nb8 38.Bc6 Kf8 39.Bb5 f5 40.Bc4 Kg7 41.Be6 Kf6 42.Bc8 e4
43.Kg1 f4 44.Kf2 Kf7 45.Bg4 Kf6 46.Ke2 Kf7 47.Kd2 Nc6 48.Kc3 Kf6 49.Bd7 Nb8
50.Bc8 Nc6 51.Kc4 f3 52.Kd5 Nb8 53.Bg4 f2 54.Be2 e3 55.Bc4 g5 56.Ke4 e2 57.Bxe2 Ke6
58.Kf3 Kxd6 59.Kxf2 Kc7 60.Bf3 Nd7 61.Ke3 Nc5 62.Kd4 Nxb7 63.Ke5 Nc5 64.Kf5 Nd3  1/2-1/2

[Event "Groningen Open A"]
[Site "Groningen NED"]
[Date "2012.12.21"]
[Round "1.40"]
[White "Schiffer,KU"]
[Black "Hummel,Pau"]
[Result "1-0"]
[WhiteElo "2300"]
[BlackElo "2021"]

1.e4 c5 2.Nf3 Nc6 3.Nc3 g6 4.d4 cxd4 5.Nxd4 Bg7 6.Be3 Nf6 7.Bc4 O-O 8.Bb3 Qa5
9.O-O d6 10.h3 Qh5 11.Qxh5 Nxh5 12.Rad1 Nxd4 13.Bxd4 Nf4 14.Rfe1 Be6 15.Nd5 Bxd5
16.exd5 a5 17.Bxg7 Kxg7 18.Rxe7 a4 19.Bc4 Rac8 20.Rd4 g5 21.Rxb7 Rfe8 22.Kf1 Re5
23.g3 Ng6 24.Rb6 Rce8 25.Rxd6 Re1+ 26.Kg2 Rc1 27.Bb5 Ree1 28.Rxg6+ hxg6 29.d6 a3
30.bxa3 Rcd1 31.Bd3 Re8 32.a4 Rd8 33.Kf3 Kf6 34.Ke4 Re1+ 35.Kd5 Re5+ 36.Kc6 Ra5
37.Bb5 Raa8 38.d7  1-0

[Event "Russian Rapid GP Final 2012"]
[Site "Kirov RUS"]
[Date "2012.12.23"]
[Round "1.1"]
[White "Andreikin,D"]
[Black "Dordzhieva,D"]
[Result "1-0"]
[WhiteElo "2723"]
[BlackElo "2028"]

1.e4 c5 2.Nc3 Nc6 3.Bb5 d6 4.Bxc6+ bxc6 5.f4 g6 6.d3 Bg7 7.Nf3 e6 8.O-O Ne7
9.e5 dxe5 10.fxe5 Bxe5 11.Nxe5 Qd4+ 12.Kh1 Qxe5 13.Bf4 Qd4 14.Ne4 Nd5 15.c3 Qg7
16.Bd6 Kd7 17.Bg3 f5 18.Nxc5+ Ke7 19.Qa4 Bd7 20.Rae1 Rhe8 21.Qa3 Kd8 22.Be5 Qe7
23.c4 Nb6 24.Nb7+ Kc8 25.Nd6+ Kd8 26.c5  1-0

[Event "23rd Metropolitan GM"]
[Site "Los Angeles USA"]
[Date "2012.12.23"]
[Round "8"]
[White "Sevian,Samuel"]
[Black "Amanov,Z"]
[Result "1-0"]
[WhiteElo "2343"]
[BlackElo "2359"]

1.e4 c5 2.Nf3 Nc6 3.Nc3 g6 4.d4 cxd4 5.Nxd4 Bg7 6.Be3 Nf6 7.Bc4 Qa5 8.O-O O-O
9.Bb3 d6 10.h3 Bd7 11.Re1 Rac8 12.f4 Rfe8 13.Qf3 Nxd4 14.Bxd4 Bc6 15.Rad1 b5
16.a3 Nd7 17.Bxg7 Kxg7 18.f5 Ne5 19.Qf4 f6 20.Ne2 Bd7 21.Nd4 Nc4 22.Bxc4 Rxc4
23.c3 Qb6 24.Re3 a5 25.Rg3 b4 26.axb4 axb4 27.Kh2 Qc5 28.Rdd3 bxc3 29.bxc3 Qe5
30.Qh4 Ra8 31.Re3 Ra5 32.Nf3 Qc5 33.fxg6 hxg6 34.Nd2 Rca4 35.Rxg6+ Kxg6 36.Rg3+ Qg5
37.Nf3 Qxg3+ 38.Qxg3+ Kf7 39.Qh4 Kg7 40.Qg3+ Kf7 41.Qf4 Rh5 42.Qe3 Ra2 43.h4 Rh8
44.Qf4 Rh5 45.c4 Bc6 46.Ng5+ Ke8 47.Qg4  1-0

[Event "Ptuj Open 2012"]
[Site "Ptuj SLO"]
[Date "2012.12.24"]
[Round "4.8"]
[White "Suta,Andraz"]
[Black "Bohak,J"]
[Result "0-1"]
[WhiteElo "1776"]
[BlackElo "2068"]

1.e4 c5 2.Nf3 Nc6 3.Nc3 e5 4.Bc4 Be7 5.O-O Nf6 6.d3 O-O 7.Bg5 d6 8.Bxf6 Bxf6
9.Nd2 Bg5 10.Ndb1 Nd4 11.a4 Kh8 12.Nb5 Ne6 13.N1c3 a6 14.Na3 Nf4 15.Nd5 Bh6
16.Nxf4 Bxf4 17.g3 Bh6 18.Qh5 f5 19.f4 exf4 20.gxf4 fxe4 21.dxe4 Bxf4 22.Kh1 g6
23.Qd5 Qh4 24.Rxf4 Qxf4 25.Rf1 Qh6 26.Rf6 Bh3 27.Rxd6 Qf4 28.Qd3 Qc1+ 29.Qd1 Qe3
30.Bd3 b5 31.b4 c4 32.Nxc4 Qf2 33.Ne3 Qxe3 34.axb5 axb5 35.Bxb5 Qxe4+  0-1

[Event "21st Donau Open 2012"]
[Site "Aschach AUT"]
[Date "2012.12.26"]
[Round "1"]
[White "Rogulj,B"]
[Black "Thanner,D"]
[Result "1-0"]
[WhiteElo "2422"]
[BlackElo "2053"]

1.e4 c5 2.Nc3 Nc6 3.Bb5 g6 4.Bxc6 bxc6 5.e5 Bg7 6.Qe2 Qa5 7.Nf3 f6 8.O-O Nh6
9.exf6 Bxf6 10.Ne4 O-O 11.Nxf6+ exf6 12.d3 Nf7 13.Qe7 f5 14.Bd2 Qb6 15.Bc3 d5
16.b4 cxb4 17.Bxb4 Ba6 18.Bc5 Qd8 19.Qxf8+ Qxf8 20.Bxf8 Kxf8 21.Nd4  1-0

[Event "5th Marseille Open"]
[Site "Marseille FRA"]
[Date "2012.12.26"]
[Round "2.21"]
[White "Riff,V"]
[Black "Graille,M"]
[Result "1-0"]
[WhiteElo "2340"]
[BlackElo "1907"]

1.e4 c5 2.Nc3 Nc6 3.Bb5 Nd4 4.Bc4 e6 5.Nf3 Nc6 6.Bb5 Qc7 7.O-O d6 8.Re1 Bd7
9.a4 a6 10.Bxc6 Bxc6 11.d4 cxd4 12.Qxd4 Nf6 13.Nd5 Bxd5 14.exd5 e5 15.Bg5 Be7
16.Qd2 O-O 17.a5 Rac8 18.Rac1 h6 19.Bxf6 Bxf6 20.c4 b6 21.axb6 Qxb6 22.b4 Rfe8
23.Re4 Be7 24.g4 Rb8 25.Rb1 Bf8 26.h4 g6 27.g5 h5 28.Ne1 Qd8 29.Rb3 a5 30.b5 Qb6
31.Nd3 Bg7 32.Nb2  1-0

[Event "2nd Erfurter WGM"]
[Site "Erfurt GER"]
[Date "2012.12.27"]
[Round "4.3"]
[White "Levushkina,E"]
[Black "Osmanodja,F"]
[Result "0-1"]
[WhiteElo "2288"]
[BlackElo "2199"]

1.e4 c5 2.Nc3 Nc6 3.Bb5 Nd4 4.Bc4 e6 5.Nge2 Nf6 6.O-O a6 7.a3 d5 8.exd5 exd5
9.Ba2 Bg4 10.d3 Be7 11.h3 Nxe2+ 12.Nxe2 Bd7 13.Bg5 Bc6 14.c3 O-O 15.d4 c4
16.Ng3 h6 17.Be3 Re8 18.Nf5 Bf8 19.Qf3 Bd7 20.Bb1 Ne4 21.Ng3 Qh4 22.Bc2 a5
23.Nxe4 dxe4 24.Qg3 Qxg3 25.fxg3 Bd6 26.g4 b5 27.Rfe1 Bc6 28.Bd2 Rab8 29.Re2 Bd5
30.Rae1 Bg3 31.Rf1 Re6 32.Rf5 Rd8 33.Rf1 Rde8 34.Be3 R6e7 35.Bf4 Bxf4 36.Rxf4 g6
37.Re3 Kg7 38.Kf2 f6 39.Ke1 Re6 40.Kd2 R8e7 41.h4 Re8 42.Rf1 Rb8 43.Rfe1 f5
44.gxf5 gxf5 45.Rf1 Rf6 46.Rf4 h5 47.Bd1 Rh8 48.Ke1 Be6 49.Kf2 Rg6 50.Re1 Kh6
51.Be2 Rhg8 52.Rg1 Rg3 53.Kf1 b4 54.axb4 axb4 55.cxb4 Ra8 56.d5 e3 57.Bd1 Ra1
58.Ke1 Bxd5 59.Rxf5 Be6 60.Rxh5+ Kg6 61.Ra5 Rb1 62.Ra6 Kf7 63.Ra7+ Ke8 64.Ra8+ Kd7
65.Ra7+ Kd6 66.Ra6+ Ke5 67.Ra5+ Ke4 68.Rc5 Bg4 69.Rxc4+ Kd3 70.Rxg4 Rxg4
71.Rh1 Rxg2  0-1

[Event "Groningen Open A"]
[Site "Groningen NED"]
[Date "2012.12.27"]
[Round "6.37"]
[White "Van Overdam,Jan"]
[Black "Gerlagh,Joris"]
[Result "1-0"]
[WhiteElo "2157"]
[BlackElo "1925"]

1.e4 c5 2.Nc3 Nc6 3.Bb5 Nd4 4.Bc4 g6 5.Nge2 Nxe2 6.Qxe2 Bg7 7.O-O e6 8.f4 a6
9.a4 Ne7 10.f5 Bd4+ 11.Kh1 O-O 12.d3 exf5 13.Bg5 Qe8 14.Rae1 Nc6 15.Nd5 Qe5
16.c3  1-0

[Event "5th Marseille Open"]
[Site "Marseille FRA"]
[Date "2012.12.27"]
[Round "4.18"]
[White "Goy,W"]
[Black "Collas,S"]
[Result "0-1"]
[WhiteElo "1905"]
[BlackElo "2285"]

1.e4 c5 2.Nf3 Nc6 3.Nc3 g6 4.Bc4 Bg7 5.d3 e6 6.O-O Nge7 7.Bg5 h6 8.Bf4 d5
9.exd5 exd5 10.Bb5 O-O 11.h3 a6 12.Ba4 b5 13.Bb3 c4 14.dxc4 dxc4 15.Qe2 Be6
16.Rad1 Qc8 17.Ne4 Nf5 18.g4 Nfd4 19.Nxd4 Nxd4 20.Qe3 g5 21.Bxg5 hxg5 22.Rxd4 cxb3
23.cxb3 Bxg4 24.Qxg5 Qf5 25.Rd5 Qxe4 26.hxg4 Rfe8 27.f4 Re6 28.Qf5 Bd4+ 29.Kh2 Qe2+
30.Kg3 Re3+ 31.Kh4 Qh2+ 32.Kg5 f6+  0-1

[Event "2nd Erfurter WGM"]
[Site "Erfurt GER"]
[Date "2012.12.28"]
[Round "5.3"]
[White "Osmanodja,F"]
[Black "Gaponenko,I"]
[Result "1/2-1/2"]
[WhiteElo "2199"]
[BlackElo "2405"]

1.e4 c5 2.Nc3 Nc6 3.Nf3 g6 4.d4 cxd4 5.Nxd4 Bg7 6.Be3 Nf6 7.Bc4 d6 8.h3 O-O
9.Bb3 Na5 10.O-O b6 11.Re1 Bb7 12.Bg5 Nxb3 13.axb3 a6 14.Nd5 e6 15.Nxf6+ Bxf6
16.Bxf6 Qxf6 17.Qd2 Rfd8 18.Qb4 b5 19.Rad1 Qe5 20.Qd2 Rac8 21.Kh1 Qf6 22.Qe2 Qe5
23.Qd2 Qf6 24.Qe2 Qe5 25.Qg4 Qf6 26.Qe2  1/2-1/2

[Event "Groningen Open A"]
[Site "Groningen NED"]
[Date "2012.12.28"]
[Round "7.9"]
[White "Van Overdam,Jul"]
[Black "Plat,V"]
[Result "1-0"]
[WhiteElo "2268"]
[BlackElo "2483"]

1.e4 c5 2.Nc3 Nc6 3.Bb5 Nd4 4.Bc4 d6 5.Nge2 Nf6 6.O-O e6 7.d3 d5 8.exd5 exd5
9.Nxd5 Nf3+ 10.Kh1 Nxd5 11.Nc3 Nxh2 12.Re1+ Be7 13.Qh5 g6 14.Qxh2 Be6 15.Qe5 Rg8
16.Bg5 Nb6  1-0

[Event "36th Zurich Christmas Open"]
[Site "Zuerich SUI"]
[Date "2012.12.29"]
[Round "6.3"]
[White "Kurnosov,I"]
[Black "Fier,A"]
[Result "1-0"]
[WhiteElo "2645"]
[BlackElo "2567"]

1.e4 c5 2.Nf3 Nc6 3.Nc3 g6 4.d4 cxd4 5.Nxd4 Bg7 6.Be3 Nf6 7.Bc4 O-O 8.Bb3 d6
9.h3 Bd7 10.O-O Nxd4 11.Bxd4 Bc6 12.Qd3 a5 13.a3 Nd7 14.Bxg7 Kxg7 15.Ba2 Qb6
16.Rab1 Nc5 17.Qd4+ Kg8 18.Nd5 Bxd5 19.Bxd5 Qc7 20.f4 e6 21.Ba2 Nd7 22.f5 e5
23.Qf2 Qc5 24.Bd5 Rab8 25.Qxc5 Nxc5 26.fxg6 hxg6 27.Rf6 Kg7 28.Rbf1 b5 29.Rxf7+ Rxf7
30.Rxf7+ Kh6 31.b4 axb4 32.axb4 Na4 33.Rd7 Rc8 34.Rxd6 Rxc2 35.Bf7 Nc3 36.Rxg6+ Kh7
37.Kh2 Rb2 38.Rg3 Ne2 39.Rb3 Rd2 40.Be8 Nd4 41.Rc3 Rb2 42.Rc7+ Kh6 43.h4 Rxb4
44.Re7 Rb2 45.Kh3 Rb3+ 46.Kg4 Ne2 47.Kf5 Rg3 48.Kxe5 b4 49.Bd7 Rxg2 50.Bf5 Rg7
51.Re8 Rf7 52.Rg8 b3 53.Ke6 Rh7 54.Bxh7 Kxh7 55.Rb8 Kg6 56.Ke5  1-0

[Event "XXIII Krakow Open"]
[Site "Krakow POL"]
[Date "2012.12.31"]
[Round "6.3"]
[White "Dragun,K"]
[Black "Jakubiec,A"]
[Result "1/2-1/2"]
[WhiteElo "2461"]
[BlackElo "2518"]

1.e4 c5 2.Nf3 Nc6 3.Nc3 e5 4.Bc4 Be7 5.O-O d6 6.a3 Nf6 7.h3 O-O 8.d3 h6 9.Rb1 a6
10.Nd5 Nxd5 11.Bxd5 Bf6 12.b4 cxb4 13.axb4 Ne7 14.Bb3 Be6 15.Bxe6 fxe6 16.d4 Rc8
17.Bb2 Qc7 18.c3 Ng6 19.Qb3 Qc4 20.Qxc4 Rxc4 21.g3 exd4 22.cxd4 Rfc8 23.Ba1 Bd8
24.Nd2 Rc2 25.Nb3 b5 26.e5 dxe5 27.dxe5 Bb6 28.Bd4  1/2-1/2

[Event "Australian Open 2013"]
[Site "Cammeray AUS"]
[Date "2013.01.03"]
[Round "2.4"]
[White "Ly,Mo"]
[Black "Mallari,Donato"]
[Result "1-0"]
[WhiteElo "2417"]
[BlackElo "1981"]

1.e4 c5 2.Nc3 Nc6 3.Bb5 Nd4 4.Bc4 e6 5.Nf3 Nxf3+ 6.Qxf3 d6 7.O-O a6 8.d3 Bd7
9.Qg3 Qc7 10.a3 h5 11.Bg5 Nf6 12.f4 b5 13.Ba2 b4 14.Nd1 Nh7 15.Bh4 g6 16.f5 Rg8
17.Qf3 Ra7 18.Ne3 g5 19.fxe6 Bxe6 20.Bxe6 fxe6 21.Qxh5+ Kd8 22.Bg3 a5 23.Nc4 Ra6
24.e5 d5 25.Nd6  1-0

[Event "1st Mare D'Inverno Open"]
[Site "Gabicce Mare ITA"]
[Date "2013.01.03"]
[Round "2.2"]
[White "Calavalle,G"]
[Black "Drazic,S"]
[Result "1-0"]
[WhiteElo "2199"]
[BlackElo "2471"]

1.e4 c5 2.Nc3 Nc6 3.Nf3 d6 4.d4 cxd4 5.Nxd4 Bd7 6.Be3 e6 7.Ndb5 Qb8 8.Bf4 Ne5
9.Qd2 a6 10.Rd1 axb5 11.Bxe5 Nf6 12.Bxf6 gxf6 13.a3 Rg8 14.f4 Ra5 15.Nd5 Qd8
16.Nc3 Qb6 17.Qf2 Qc5 18.Qd4 Bc6 19.g3 f5 20.Rg1 Qxd4 21.Rxd4 Bg7 22.Rxd6 Bxc3+
23.bxc3 fxe4 24.c4 bxc4 25.Bxc4 Ke7 26.Rd4 Rxa3 27.Rd2 Rf3 28.Ke2 Rxf4 29.Rb1 Rf5
30.Bb3 Rc5 31.Rbd1 Ra5  1-0

[Event "16th New Year Open"]
[Site "Guben GER"]
[Date "2013.01.03"]
[Round "3"]
[White "Jagodzinski,P"]
[Black "Janiszewski,Filip"]
[Result "1/2-1/2"]
[WhiteElo "2197"]
[BlackElo "1707"]

1.e4 c5 2.Nf3 Nc6 3.Nc3 d6 4.d3 Nf6 5.g3 b6 6.Bg2 Bb7 7.O-O e6 8.Re1 Nd7
9.Bg5 Qb8 10.Ne2 h6 11.Be3 Be7 12.c3 O-O 13.h3 Ba6 14.Qa4 Qc8 15.d4 b5 16.Qc2 b4
17.dxc5 dxc5 18.c4 Nb6 19.b3 Rd8 20.g4 Bf6 21.Rad1 Qb7 22.Bxc5 Nd7 23.Be3 Be7
24.Ng3 Nc5 25.Nh5 Qc7 26.e5 Rxd1 27.Rxd1 Rd8 28.Rxd8+ Qxd8 29.Nf4 g5 30.Bxc5 gxf4
31.Bxe7 Nxe7 32.Qe4 Ng6 33.Qc6 Qa5 34.Qd6 Qxa2 35.Qxb4 Kg7 36.Qc3 Bb7 37.c5 Bc6
38.Ne1 Bxg2 39.Nxg2 f3 40.Ne1 Qb1 41.Kh2 Qd1 42.Qe3 Nf4 43.Nxf3 Qf1 44.Nh4 Ne2
45.f3 Qe1 46.f4 Qd1 47.Nf3 Qc2 48.Ne1 Qb2 49.Nd3 Qc2 50.Nf2 Nc1 51.Kg3 Nxb3
52.Ne4 Nc1 53.f5 a5 54.f6+ Kg6 55.Kh4 a4 56.g5 h5 57.Nf2 Qe2  1/2-1/2

[Event "Australian Open 2013"]
[Site "Cammeray AUS"]
[Date "2013.01.04"]
[Round "3.29"]
[White "Rout,I"]
[Black "Louie,Ryan"]
[Result "0-1"]
[WhiteElo "1975"]
[BlackElo "1820"]

1.e4 c5 2.Nf3 Nc6 3.Nc3 g6 4.d4 cxd4 5.Nxd4 Bg7 6.Be3 Nf6 7.Be2 O-O 8.O-O d5
9.exd5 Nxd5 10.Nxd5 Qxd5 11.Bf3 Qa5 12.Nxc6 bxc6 13.Bxc6 Rb8 14.Qd5 Qc7 15.Ba4 Be6
16.Qc5 Qxc5 17.Bxc5 Rfc8 18.Bxe7 Bxb2 19.Rad1 Rb7 20.Rd8+ Rxd8 21.Bxd8 Bxa2
22.Bc6 Rb8 23.Bg5 Rc8 24.Be4 a5 25.Bc1 Bg7 26.Ba3 f5 27.Bd3 Kf7 28.h3 Bc3
29.g4 fxg4 30.hxg4 Bc4 31.Rb1 Ke6 32.Kf1 Kd5 33.Rb7 Bxd3+ 34.cxd3 h6 35.Rh7 Kd4
36.Rxh6 Rc6 37.Rh3 Bb4 38.Bxb4 axb4 39.Ke2 Rc2+ 40.Kd1 Rxf2 41.Rh8 Rf4 42.g5 Kxd3
43.Rd8+ Ke4 44.Rb8 Kd3 45.Rd8+ Kc3 46.Rc8+ Kb2 47.Rc6 b3 48.Rxg6 Rd4+ 49.Ke2 Kb1
50.Rf6 b2 51.g6 Rg4 52.Kf3 Rg1 53.Rb6 Kc2 54.Rc6+ Kd3 55.Rd6+ Kc3 56.Rc6+ Kd4
57.Rb6 b1=Q 58.Rxb1 Rxb1 59.Kf4 Rf1+ 60.Kg5 Ke5 61.Kh6 Kf6  0-1

[Event "1st Mare D'Inverno Open"]
[Site "Gabicce Mare ITA"]
[Date "2013.01.04"]
[Round "4.4"]
[White "Bae,T"]
[Black "Calavalle,G"]
[Result "1-0"]
[WhiteElo "2442"]
[BlackElo "2199"]

1.e4 c5 2.Nf3 Nc6 3.Nc3 a6 4.d4 cxd4 5.Nxd4 e5 6.Nf5 d6 7.Bc4 Be6 8.Nd5 g6
9.Nfe3 Bg7 10.O-O Nge7 11.Nxe7 Qxe7 12.Nd5 Bxd5 13.Qxd5 O-O 14.c3 Kh8 15.Be3 f5
16.f3 f4 17.Bf2 g5 18.Qe6 Qc7 19.Rad1 Rf6 20.Qg4 Rd8 21.Rd2 Re8 22.Rfd1 b5
23.Bd5 Nb8 24.Kh1 Nd7 25.Bb3 Rh6 26.Qxg5 Rg6 27.Qh4 Rh6 28.Qxh6 Bxh6 29.Rxd6 Nc5
30.Rxh6 Nxb3 31.axb3 Rd8 32.Rd5 Rxd5 33.exd5 Qd7 34.c4 a5 35.Re6 bxc4 36.bxc4 Qa4
37.d6 Qd7 38.Rxe5 Qxd6 39.Rxa5 Qd2 40.Ra8+ Kg7 41.Bg1 Qxb2 42.c5 Kg6 43.Rd8 Qc1
44.Rd5 Kf6 45.h3 Ke6 46.Rh5 Qc2 47.c6 Qg6 48.Rc5 Qe8 49.c7 Qc8 50.Rc1  1-0

[Event "XXIII Krakow Open"]
[Site "Krakow POL"]
[Date "2013.01.04"]
[Round "9.18"]
[White "Andrenko,I"]
[Black "Hirneise,T"]
[Result "1/2-1/2"]
[WhiteElo "2220"]
[BlackElo "2457"]

1.e4 c5 2.Nc3 Nc6 3.Bb5 Nd4 4.Bc4 e6 5.Nge2 Nf6 6.O-O a6 7.d3 b5 8.Bb3 Nxb3
9.axb3 Bb7 10.f4 d6 11.Qe1 Be7 12.Qg3 O-O 13.Kh1 Rc8 14.e5 Nd7 15.exd6 Bxd6
16.Ne4 Nf6 17.N2c3 Nxe4 18.Nxe4 f5 19.Ng5 Qd7 20.Qh4 h6 21.Nf3 c4 22.bxc4 bxc4
23.Bd2 cxd3 24.cxd3 Be7 25.Qe1 Bf6 26.Bc3 Bxc3 27.bxc3 Bxf3 28.Rxf3 Rc6 29.h3 Rb8
30.d4 Rb2 31.Rb1 Rc2 32.Rg3 Kh7 33.Qe5 Rd6 34.Rb7 Qxb7 35.Qxd6 Re2 36.c4 Re1+
37.Kh2 Qb1 38.Rxg7+ Kxg7 39.Qe7+ Kg6 40.Qe8+  1/2-1/2

[Event "XXIV Roquetas Open"]
[Site "Roquetas de Mar ESP"]
[Date "2013.01.04"]
[Round "5.1"]
[White "Das,Arg"]
[Black "Plaskett,J"]
[Result "0-1"]
[WhiteElo "2466"]
[BlackElo "2495"]

1.e4 c5 2.Nc3 Nc6 3.Bb5 Nd4 4.Nf3 e6 5.O-O a6 6.Bd3 Nc6 7.Re1 Nge7 8.e5 Qc7
9.b3 b6 10.Bb2 Bb7 11.Be4 Ng6 12.d4 cxd4 13.Nxd4 O-O-O 14.Nxc6 dxc6 15.Qh5 Bc5
16.Na4 Bb4 17.Red1 b5 18.a3 Be7 19.Nc3 Bc5 20.Ne2 Kb8 21.Rd3 Qb6 22.Qf3 Nh4
23.Qg3 Ng6 24.Rad1 Be7 25.b4 c5 26.Bxb7 Qxb7 27.Rxd8+ Rxd8 28.Rxd8+ Bxd8
29.bxc5 Be7 30.Bd4 Qe4 31.Qd3 Qxd3 32.cxd3 Kb7 33.Bb2 Bxc5 34.Kf1 Kc6 35.Ke1 Nh4
36.Kf1 a5 37.Nf4 Nf5 38.Ne2 Ne7 39.Ke1 Nd5 40.d4 Be7 41.Kd2 Nb6 42.Kc2 Nc4
43.Kb3 a4+ 44.Ka2 Nxb2 45.Kxb2 Kd5 46.g4 Kc4 47.f4 Kd3 48.Nc3 Bxa3+ 49.Kxa3 Kxc3
50.d5 b4+ 51.Kxa4 b3 52.dxe6 fxe6  0-1

[Event "11th Parsvnath Open"]
[Site "New Delhi IND"]
[Date "2013.01.05"]
[Round "1.15"]
[White "Vishnu,P"]
[Black "Pradeep,KR"]
[Result "1-0"]
[WhiteElo "2488"]
[BlackElo "2264"]

1.e4 c5 2.Nf3 Nc6 3.Nc3 e5 4.Bc4 Be7 5.d3 Nf6 6.Ng5 O-O 7.O-O h6 8.f4 exf4
9.Nf3 d6 10.Bxf4 Be6 11.Nd5 a6 12.a3 b5 13.Ba2 a5 14.c3 b4 15.a4 Rb8 16.Bc4 bxc3
17.bxc3 Bxd5 18.exd5 Na7  1-0

[Event "11th Parsvnath Open"]
[Site "New Delhi IND"]
[Date "2013.01.05"]
[Round "2.22"]
[White "Dzhumaev,M"]
[Black "Praneeth,S"]
[Result "1-0"]
[WhiteElo "2554"]
[BlackElo "2258"]

1.e4 c5 2.Nc3 Nc6 3.Bb5 Nd4 4.Nf3 Nxb5 5.Nxb5 a6 6.Nc3 d6 7.d4 cxd4 8.Qxd4 e5
9.Qd3 h6 10.Nd2 Nf6 11.Nc4 Be6 12.O-O Rc8 13.Ne3 Be7 14.b3 O-O 15.Bb2 Qa5
16.a4 Rfe8 17.h3 Rcd8 18.Rad1 Qc7 19.Qe2 Rc8 20.Rd2 Qc5 21.Rc1 Qb4 22.Ned5 Nxd5
23.Nxd5 Bxd5 24.Rxd5 Rc5 25.Rxc5 dxc5 26.Rd1 c4 27.Qf3 cxb3 28.cxb3 Bc5 29.Rc1 Bb6
30.Rc2 Qd6 31.Qg4 Bc5 32.Kh2 b6 33.Qe2 a5 34.Rd2 Qf6 35.g3 Re6 36.f4 Qe7
37.fxe5 Qg5 38.h4 Qe7 39.Qf3 Qc7 40.Qd3 Qb7 41.Qd5 Qa6 42.Kg2 Re8 43.Qd3 Qa8
44.Qc4 Qb7 45.Rd5 Qc8 46.Qd3 Qg4 47.Qf3 Qc8 48.Qf5 Qa6 49.Qg4 Bf8 50.Rd7  1-0

[Event "11th Parsvnath Open"]
[Site "New Delhi IND"]
[Date "2013.01.05"]
[Round "2.23"]
[White "Tiwari,Ar"]
[Black "Teske,H"]
[Result "1/2-1/2"]
[WhiteElo "2251"]
[BlackElo "2512"]

1.e4 c5 2.Nc3 Nc6 3.Bb5 Nd4 4.Bc4 a6 5.Nf3 b5 6.Bd5 Ra7 7.Nxd4 cxd4 8.Ne2 Nf6
9.Bb3 Nxe4 10.Nxd4 e6 11.O-O Bb7 12.c3 Be7 13.Nf3 O-O 14.d4 a5 15.a4 b4 16.c4 f5
17.Re1 Kh8 18.Ne5 Bf6 19.f3 Ng5 20.Be3 Ra8 21.Rc1 Rc8 22.c5 Bxe5 23.dxe5 Nf7
24.Qd4 Bc6 25.h4  1/2-1/2

[Event "25th Staufer Open"]
[Site "Schwaebisch Gmuend GER"]
[Date "2013.01.05"]
[Round "7.8"]
[White "Minor,S"]
[Black "Kalinitschew,S"]
[Result "0-1"]
[WhiteElo "2223"]
[BlackElo "2472"]

1.e4 c5 2.Nf3 Nc6 3.Nc3 g6 4.d4 cxd4 5.Nxd4 Bg7 6.Be3 Nf6 7.Bc4 O-O 8.Bb3 a5
9.O-O d6 10.f3 Nd7 11.a3 Nc5 12.Ba2 Bd7 13.Qd2 Nxd4 14.Bxd4 Bc6 15.Kh1 Qb6
16.Bxg7 Kxg7 17.Rab1 a4 18.Nd5 Bxd5 19.exd5 Nd7 20.Rfe1 Rfe8 21.Re2 Nf6 22.c3 Rac8
23.Rbe1 Rc7 24.Qf4 Qa7 25.Qb4 Qa6 26.Qd4 b5 27.Re3 Qa7 28.Qd2 Qc5 29.R3e2 Qa7
30.Re3 Rb8 31.R1e2 Rbb7 32.Re1 Kg8 33.f4 Qb8 34.Qd4 Qf8 35.Kg1 Qg7 36.Rd3 Rc5
37.Re2 h5 38.Re1 Kf8 39.Re2 Rcc7 40.Re1 Rc5 41.Re2 Ne8 42.Qxg7+ Kxg7 43.g3 f5
44.h4 Nf6 45.Kg2 Kf7 46.Rd4 Rbc7 47.Kf3 Rc8 48.Re3 Nd7 49.Re2 Nb6 50.Rd3 Nc4
51.Kf2 Ke8 52.Re6 Nxb2 53.Rd2 Nc4 54.Rde2 R8c7 55.Bxc4 Rxc4 56.Rxd6 Rxc3
57.Rb6 Kf7 58.Rxb5 Rxa3 59.Rb6 Rd3 60.Ra6 a3  0-1

[Event "VII Magistral da Hebraica"]
[Site "Sao Paulo BRA"]
[Date "2013.01.06"]
[Round "2.2"]
[White "Villalba,M"]
[Black "Blit,J"]
[Result "1/2-1/2"]
[WhiteElo "2181"]
[BlackElo "2324"]

1.e4 c5 2.Nf3 Nc6 3.Nc3 g6 4.d4 cxd4 5.Nxd4 Bg7 6.Nb3 Nf6 7.Be2 O-O 8.O-O a5
9.a4 d6 10.Bg5 Be6 11.Kh1 Rc8 12.f4 Nb4 13.Nd4 Bc4 14.Ndb5 d5 15.Bxc4 Rxc4
16.Bxf6 Bxf6 17.exd5 Rc5 18.d6 exd6 19.Qxd6 Qxd6 20.Nxd6 Bxc3 21.bxc3 Nxc2
22.Ra2 Ne3 23.Re1 Nc4 24.Nxc4 Rxc4 25.Rb1 Rxc3 26.g3 Rc7 27.Rb5 Ra8 28.Kg2 Ra7
29.Kf3 Rc4 30.Kg4 Rb4 31.Rb2 Rxa4 32.Rxb7 Rxb7 33.Rxb7 Ra2 34.Ra7 a4 35.h4 a3
36.h5 Kg7 37.h6+ Kf6 38.Ra6+ Ke7 39.Ra7+ Ke6 40.Ra6+ Kd5 41.Kg5 Rh2 42.Rxa3 Rh5+
43.Kf6 Rxh6 44.Kxf7 Ke4 45.Kg7 Rh5 46.Rb3  1/2-1/2

[Event "TCh-CZE Div1 Zapad 2012-13"]
[Site "Czech Republic CZE"]
[Date "2013.01.13"]
[Round "5.5"]
[White "Seleljo,D"]
[Black "Richtrova,E"]
[Result "0-1"]
[WhiteElo "2252"]
[BlackElo "2216"]

1.Nc3 c5 2.e4 Nc6 3.Nf3 e5 4.Bc4 Be7 5.d3 Nf6 6.Nd2 O-O 7.a3 a6 8.Nf1 b5
9.Ba2 d6 10.Ne3 Be6 11.O-O Bxa2 12.Rxa2 Nd4 13.g3 Re8 14.b3 Rc8 15.f3 Bf8
16.Bd2 g6 17.a4 Bg7 18.Kh1 Qd7 19.Kg2 Qb7 20.h4 Nh5 21.Ncd5 f5 22.g4 Nf4+
23.Nxf4 exf4 24.Nd5 fxg4 25.fxg4 f3+ 26.Kf2 Rf8 27.axb5 axb5 28.Nf4 Qd7 29.Rg1 Be5
30.c3 Nc6 31.Nd5 Rf7 32.Bg5 Rcf8 33.Bh6 Re8 34.Ra6 Bh2 35.Rh1 Ne5 36.Ke3 Nxg4+
37.Kd2 Be5 38.Bg5 Nf2 39.Qf1 Nxh1 40.Qxh1 Qg4  0-1

[Event "VII Magistral da Hebraica"]
[Site "Sao Paulo BRA"]
[Date "2013.01.13"]
[Round "9.1"]
[White "Blit,J"]
[Black "Maia,L"]
[Result "1/2-1/2"]
[WhiteElo "2324"]
[BlackElo "2269"]

1.e4 c5 2.Ne2 Nc6 3.Nbc3 Nf6 4.f4 d5 5.e5 d4 6.exf6 dxc3 7.fxg7 cxd2+ 8.Qxd2 Bxg7
9.Qxd8+ Kxd8 10.c3 Kc7 11.Be3 b6 12.Ng3 Rd8 13.Bc4 e6 14.O-O f5 15.Rae1 Rd6
16.Nh5 Bh8 17.Rf3 Ne7 18.Bc1 Bd7 19.Rh3 Rf8 20.Ng3 Rf7 21.Rh6 Nd5 22.Nh1 Nf6
23.Nf2 Bg7 24.Rh3 b5 25.Bb3 c4 26.Bd1 h6 27.Rg3 Nd5 28.Bh5 Re7 29.Kf1 a5
30.Nd1 b4 31.Ne3 Nxe3+ 32.Bxe3 bxc3 33.bxc3 Bxc3 34.Rc1 Bb4 35.Rxc4+ Rc6
36.Be2 Rxc4 37.Bxc4 Rh7 38.Bd4 Bd6 39.Be5 Bxe5 40.fxe5 Kc6 41.Rg6 Kc5 42.Bxe6 Bxe6
43.Rxe6 Kd5 44.Ra6 Kxe5 45.Rxa5+ Ke4 46.Kf2 Rc7 47.Ra4+ Ke5 48.Ra6 Kf4 49.g3+ Kg5
50.Kg2 Rc2+ 51.Kh3 Rd2 52.a4 Ra2 53.Ra8 Kh5 54.a5 Kg5 55.a6 Kg6 56.g4 Ra3+
57.Kh4 Ra4 58.a7 Kg7 59.Rc8 Rxa7 60.gxf5 Ra4+ 61.Kh5 Rf4 62.Rc7+ Kf6 63.h4 Rxf5+
64.Kxh6 Rf1 65.h5 Rh1 66.Rc2 Rg1 67.Rf2+ Ke7 68.Kh7 Rg3 69.h6 Rg1 70.Ra2 Kf7
71.Ra7+ Kf8 72.Rg7 Rf1 73.Rg5 Kf7 74.Rg2 Rf3 75.Rg7+ Kf8 76.Kh8 Rf6 77.Kh7 Rf2
78.Rf7+  1/2-1/2

[Event "38th Seville Open"]
[Site "Seville ESP"]
[Date "2013.01.14"]
[Round "4.7"]
[White "Gonzalez Galvan,J"]
[Black "Pogorelov,R"]
[Result "0-1"]
[WhiteElo "2249"]
[BlackElo "2409"]

1.e4 c5 2.Nc3 Nc6 3.Bb5 Nd4 4.Bc4 e6 5.Nf3 Ne7 6.Nxd4 cxd4 7.Ne2 Nc6 8.d3 a6
9.a4 Bc5 10.O-O O-O 11.Ng3 Ne7 12.Qh5 Ba7 13.e5 d5 14.exd6 Qxd6 15.Ne4 Qc7
16.Bh6 f6 17.Qg4 Ng6 18.Bxe6+ Kh8 19.Bxc8 Raxc8 20.Ng3 gxh6 21.Nf5 Qf4 22.Qh3 Rc5
23.g4 Qg5 24.f4 Nxf4 25.Rxf4 Qxf4 26.Rf1 Qg5 27.Kh1 Rxc2 28.Qf3 Qd2 29.Qh3 Bb8
30.Ng3 Bxg3 31.Qxg3 Rc1 32.Rxc1 Qxc1+ 33.Kg2 Qd2+  0-1

[Event "PSC Cup 2013"]
[Site "Manila PHI"]
[Date "2013.01.15"]
[Round "3.5"]
[White "Mariano,N2"]
[Black "Pascua,H"]
[Result "0-1"]
[WhiteElo "2251"]
[BlackElo "2386"]

1.e4 c5 2.Nf3 Nc6 3.Nc3 Nf6 4.d4 cxd4 5.Nxd4 e5 6.Ndb5 d6 7.Bg5 a6 8.Bxf6 gxf6
9.Na3 b5 10.Nd5 f5 11.Bd3 Be6 12.c3 Bg7 13.Nxb5 axb5 14.Bxb5 Bd7 15.exf5 O-O
16.O-O Ra5 17.a4 e4 18.b4 Rxb5 19.axb5 Ne5 20.b6 Bc6 21.Re1 Nd3 22.Rxe4 Bxd5
23.Qxd3 Bxe4 24.Qxe4 Qxb6 25.Ra8 Qb5 26.g3 d5 27.Rxf8+ Kxf8 28.Qh4 Qb6 29.c4 d4
30.c5 Qf6 31.Qe4 Qd8 32.c6 Bf6 33.b5 d3 34.c7 Qxc7 35.Qxd3 Qc5 36.Kg2 Bd4
37.Qe4 Qd6 38.g4 h6 39.h4 Bf6 40.Qc6 Qd4 41.Kh3 Kg7 42.Qg2 Qd3+ 43.f3 Be5
44.b6 Qb1 45.b7 Bf4 46.f6+ Kg6 47.h5+ Kxf6 48.g5+ hxg5 49.h6 Qxb7 50.h7 Qc8+  0-1